000 00810nam a22002657a 4500
003 CHAP
005 20220329135824.0
008 971013s r 00010 d
010 _a42831
011 _a43803
035 _a47940
040 _cCHAP
090 _aR-148
100 0 0 _aEwing, E. H.
_939019
245 _aPhenylalanine and malonate media and their use in enteric bacteriology
500 _aSobretiro de : Publ. Health Lab. 15 : 153-166, 1957
590 _aBATCH-UPD
_b10
_c20130110
_lUCH01
_h2152
590 _aBATCH-UPD
_b10
_c20130410
_lUCH01
_h1501
590 _aBATCH-UPD
_b10
_c20130914
_lUCH01
_h0521
590 _aCONVERSION
_b10
_c20130109
_lUCH01
_h1324
650 1 4 _aBacteriologĂ­a
_xTécnicas.
_99336
901 _aBK
942 _cREIMP
949 _aR-148
_bBC
_cR
_d-108771
_eTS1
_i47940
_si
999 _c42831
_d42831